000 00651nam a2200253Ia 4500
003 OSt
005 20220918174332.0
006 a|||||r|||| 00| 0
007 ta
008 220917b |||||||| |||| 00| 0 eng d
024 _a11,624
037 _cTextual
040 _aARTS
_cARTS
_beng
041 _2eng
_aeng
082 _a/\:34, J9
100 _aMuzumdar S.
_950010
245 0 _aHealthy middle-age-through yoga
260 _aBombay
_bJaico publishing house
_c1959
300 _a160p.
_ccm.
500 _aReprint 1960
650 _aSPIRITUALISM
942 _h/\:34, J9
_cTEXL
_2CC
999 _c152712
_d152712